书目信息 |
| 题名: |
自动驾驶汽车决策与控制
|
|
| 作者: | 杨世春 编著 | |
| 分册: | ||
| 出版信息: | 北京 清华大学出版社 2020.10 |
|
| 页数: | 148页 | |
| 开本: | 26cm | |
| 丛书名: | 自动驾驶技术系列丛书 | |
| 单 册: | ||
| 中图分类: | U463.8 | |
| 科图分类: | ||
| 主题词: | 汽车驾驶--自动驾驶系统 | |
| 电子资源: | ||
| ISBN: | 978-7-302-53888-2 | |
| 000 | 01061nam0 2200277 45 | |
| 001 | 012001001164 | |
| 005 | 20140913091915.0 | |
| 010 | @a978-7-302-53888-2@dCNY59.80 | |
| 100 | @a20200521d2020 em y0chiy50 ea | |
| 101 | 0 | @achi |
| 102 | @aCN@b110000 | |
| 105 | @aa z 000yy | |
| 106 | @ar | |
| 200 | 1 | @a自动驾驶汽车决策与控制@Azi dong jia shi qi che jue ce yu kong zhi@b专著@f杨世春[等]编著 |
| 210 | @a北京@c清华大学出版社@d2020.10 | |
| 215 | @a148页@c彩图@d26cm | |
| 225 | 1 | @a自动驾驶技术系列丛书@f王云鹏,李震宇主编 |
| 300 | @a“十三五”国家重点图书出版规划项目 | |
| 304 | @a编著还有:曹耀光、陶吉、郝大洋、华旸 | |
| 330 | @a本书对自动驾驶汽车决策与控制技术进行了系统介绍,主要内容包括:自动驾驶汽车全局路径规划、汽车行为决策、汽车运动规划、自动驾驶汽车控制、基于Apollo平台的决策与控制实践等。 | |
| 461 | 0 | @12001 @a自动驾驶技术系列丛书@1701 0@a王云鹏,李震宇主编 |
| 606 | 0 | @a汽车驾驶@x自动驾驶系统 |
| 690 | @aU463.8@v5 | |
| 701 | 0 | @a杨世春@Ayang shi chun@4编著 |
| 801 | 0 | @aCN@bBJSDL@c20211011 |
| 905 | @b1333294-6@dU463.8@e1032@f3 | |
| 自动驾驶汽车决策与控制/杨世春[等]编著.-北京:清华大学出版社,2020.10 |
| 148页:彩图;26cm.-(自动驾驶技术系列丛书/王云鹏,李震宇主编) |
| “十三五”国家重点图书出版规划项目 |
| ISBN 978-7-302-53888-2:CNY59.80 |
| 本书对自动驾驶汽车决策与控制技术进行了系统介绍,主要内容包括:自动驾驶汽车全局路径规划、汽车行为决策、汽车运动规划、自动驾驶汽车控制、基于Apollo平台的决策与控制实践等。 |
| ● |
| 相关链接 |
|
|
|
|
正题名:自动驾驶汽车决策与控制
索取号:U463.8/1032
 
预约/预借
| 序号 | 登录号 | 条形码 | 馆藏地/架位号 | 状态 | 备注 |
| 1 | 1333294 | 213332945 | 第二样本阅览室/ [索取号:U463.8/1032] | 在馆 | |
| 2 | 1333295 | 213332954 | 第三借阅区/ [索取号:U463.8/1032] | 在馆 | |
| 3 | 1333296 | 213332963 | 第三借阅区/ [索取号:U463.8/1032] | 在馆 |